000 00616nam a2200229Ia 4500
003 OSt
005 20220926011157.0
006 a|||||r|||| 00| 0
007 ta
008 220923b |||||||| |||| 00| 0 eng d
037 _cGeneral Book
040 _aRTL
_cRTL
_beng
041 _2eng
_aeng
082 _aY, N3
100 _aHandel Warren H
_989952
245 0 _aContemporary sociological theory.
260 _aNew Jersey
_bPrentice-Hall
_c1993
300 _axi,240p
_ccm.
500 _aBibliography chapterwise
942 _hY, N3
_cGB
_2CC
999 _c619289
_d619289